| 000 | 01156cam a2200349 a 4500 | ||
|---|---|---|---|
| 999 |
_c80802 _d80802 |
||
| 003 | BJBSDDR | ||
| 005 | 20230410130817.0 | ||
| 007 | ta | ||
| 008 | 891227r1990 nyua b 001 0beng | ||
| 020 | _a0060164387 (cloth) | ||
| 020 | _a9780060164386 (cloth) | ||
| 040 |
_aDLC _cDLC _bspa |
||
| 041 | _aeng | ||
| 043 | _ae-fr--- | ||
| 050 | 1 | 4 |
_aB PQ 2631 _bP968H 1990 |
| 082 | 0 | 0 | _a928.44 |
| 100 | 1 |
_aHayman, Higham Ronald, _d1932-2019 |
|
| 245 | 1 | 0 |
_aProust : _ba biography / _cRonald Hayman. |
| 250 | _a1st U.S. ed. | ||
| 260 |
_aNew York, NY : _bHarperCollins, _cc1990. |
||
| 300 |
_axxiv, 564 p. : _bill. ; _c25 cm. |
||
| 500 | _a"An Edward Burlingame book." | ||
| 504 | _aIncludes bibliographical references (p. [546]-550) and index. | ||
| 600 | 1 | 0 |
_aProust, Marcel, _d1871-1922. |
| 600 | 1 | 4 |
_aProust, Marcel, _d1871-1922. |
| 650 | 0 |
_aNovelists, French _y20th century _xBiography. |
|
| 650 | 4 |
_aNovelistas franceses _ySiglo XX _914905 _vBiografĂas |
|
| 650 | 4 |
_aAutores franceses _ySiglo XX _914906 _vBiografĂas |
|
| 906 |
_a7 _bcbc _corignew _d1 _eocip _f19 _gy-gencatlg |
||
| 942 |
_2lcc _cBK |
||